| 000 | 00466ntaaa2200181 4500 | ||
|---|---|---|---|
| 003 | 01 | ||
| 005 | 20251027201417.0 | ||
| 008 | 0714s1973 ag 01 | ||
| 040 |
_aAR-BaBN _bspa _cAR-BaBN _eaacr _dRIC |
||
| 082 | _a270.0000 M33 | ||
| 100 |
_aMarchetti, J _912615 |
||
| 245 | _aCritique de e' Histoire Ecclesiastique de Claude Fleury | ||
| 250 | _a1 ed. | ||
| 260 |
_as.l : _bPerisse Frères, _c1832 |
||
| 300 | _a225 p | ||
| 650 | _aHistoria Eclesiastica | ||
| 942 | _cBK | ||
| 999 |
_c8638 _d8638 |
||